000
00290pam a2200109a 44500
008
230405s2010 xxu||||| |||| 00| 0 eng d
041
_a
ENG
100
_a
Bedi & Kishore
245
_a
Global Human Resource Management
260
_a
_b
Wisdom Publication C-14 D.S.I.D.C
_c
2010
906
_a
16974
999
_c
307473
_d
307473